| 000 | 00414nam a2200133Ia 4500 | ||
|---|---|---|---|
| 008 | 170221s9999 xx 000 0 und d | ||
| 100 | _aIqbal, Uqbah | ||
| 245 | _aBook Review How To Invest in Stocks & Shares | ||
| 245 | _cUqbah Iqbal | ||
| 260 | _c2012 | ||
| 300 | _a32 : 6 | ||
| 650 | _xBusiness | ||
| 856 | _uhttp://www.omicsgroup.org/journals/book-review-how-to-invest-in-stocks--shares-2167-0234-1000202.pdf | ||
| 999 |
_c311270 _d311270 |
||